| 000 | 02397cam a2200565 i 4500 | ||
|---|---|---|---|
| 001 | xx004687532 | ||
| 003 | NUKAT | ||
| 005 | 20260415150048.0 | ||
| 008 | 190827s2019 pl g |001 0 pol c | ||
| 020 |
_a9788380986459 _q(oprawa twarda) : _czł 50,00 |
||
| 035 | _a(OCoLC)1117293766 | ||
| 035 | _a(NUKAT)xx004687532 | ||
| 040 |
_aSIEDL 001/EC _bpol _erda _cSIEDL 001/EC _dKAT U/JPs _dWA 14/PTs _dOLSZT 008/bak |
||
| 045 | 2 |
_bd1944 _bd1956 |
|
| 046 | _k2019 | ||
| 100 | 1 |
_aWołoszyn, Jacek Witold _d(1972- ). _eAutor _940116 |
|
| 245 | 1 | 0 |
_aNiepodległościowa konspiracja młodzieżowa na ziemiach polskich w latach 1944/45-1956 / _cJacek Witold Wołoszyn ; Instytut Pamięci Narodowej - Komisja Ścigania Zbrodni przeciwko Narodowi Polskiemu. Oddział w Lublinie. |
| 260 |
_aLublin ; _aWarszawa : _bInstytut Pamięci Narodowej - Komisja Ścigania Zbrodni przeciwko Narodowi Polskiemu. Oddział w Lublinie, _c2019. |
||
| 300 |
_a680 stron ; _c25 cm. |
||
| 336 |
_aTekst _btxt _2rdacontent |
||
| 337 |
_aBez urządzenia pośredniczącego _bn _2rdamedia |
||
| 338 |
_aWolumin _bnc _2rdacarrier |
||
| 380 | _aKsiążki | ||
| 380 | _aPublikacje naukowe | ||
| 385 | _aHistorycy | ||
| 385 | _aPolitolodzy | ||
| 385 | _aSocjolodzy i socjolożki | ||
| 388 | 1 | _a2001- | |
| 504 | _aBibliografia na stronach 619-650. Indeksy. | ||
| 648 | 7 |
_a1901-2000 _2DBN _934996 |
|
| 648 | 7 |
_a1939-1945 _2DBN _936042 |
|
| 648 | 7 |
_a1945-1989 _2DBN _936043 |
|
| 650 | 7 |
_aMłodzież _xdziałalność polityczna _zPolska _y1945-1970. _2kaba _940117 |
|
| 650 | 7 |
_aRuchy młodzieżowe _zPolska _y1945-1970. _2kaba _940118 |
|
| 650 | 7 |
_aOpór wobec władzy _zPolska _y1945-1970. _2kaba _916520 |
|
| 650 | 7 |
_aMłodzież _2DBN _936362 |
|
| 650 | 7 |
_aOpozycja polityczna legalna _2DBN _940119 |
|
| 650 | 7 |
_aOrganizacje młodzieżowe _2DBN _939362 |
|
| 650 | 7 |
_aPRL _2DBN _935084 |
|
| 650 | 7 |
_aPrześladowania polityczne _2DBN _936911 |
|
| 651 | 7 |
_aLubelszczyzna _2DBN _935444 |
|
| 651 | 7 |
_aPolska _2DBN _935076 |
|
| 655 | 7 |
_aMonografia _2DBN _935240 |
|
| 658 | _aHistoria | ||
| 658 | _aSocjologia i społeczeństwo | ||
| 658 | _aPolityka, politologia, administracja publiczna | ||
| 710 | 2 |
_aInstytut Pamięci Narodowej - Komisja Ścigania Zbrodni przeciwko Narodowi Polskiemu. _bOddział (Lublin). _eInstytucja sprawcza _eWydawca _4pbl _914495 |
|
| 920 | _a978-83-8098-645-9 (oprawa twarda) : zł 50,00 | ||
| 942 |
_2ddc _cBK_NM |
||
| 999 |
_c27597 _d27597 |
||